Abba...la oración del Señor: historia y exégesis teológica

Saved in:
Bibliografiske detaljer
Hovedforfatter: Sabugal, Santos (Author)
Format: Bog
Sprog:spansk
Udgivet: Madrid Biblioteca de Autores Cristianos 1985
Serier:Biblioteca de Autores Cristianos, 467
Fag:
Tags: Tilføj Tag
Ingen Tags, Vær først til at tagge denne postø!

MARC

LEADER 00000nam a2200000 a 4500
001 UCL2194
003 CL-VaPUC
008 031017e19850000SP |||||||||||||||||spa|d
020 |a 8422012014 
082 0 4 |a 242.722  |b SAB  |2 21 
100 0 |a Sabugal, Santos  |e author  |9 479240 
245 1 0 |a Abba...la oración del Señor: historia y exégesis teológica 
300 |a 759 p 
942 |c BK 
945 |d 20031017 00:00:00  |a rbrito 
260 |a Madrid  |b Biblioteca de Autores Cristianos  |c 1985 
650 0 |a Oración  |9 313348 
650 0 |a Biblia  |9 257603 
650 0 |a Exégesis   |9 365279 
650 0 |a Teología   |9 258766 
650 0 |a Cristianismo  |9 257361 
583 |a last modification  |c 20031017 00:00:00  |k Rodrigo Vera 
490 0 |a Biblioteca de Autores Cristianos, 467 
999 |c 305550  |d 305548 
952 |0 0  |1 0  |4 0  |6 242_722000000000000_SAB_1985  |7 0  |8 A  |9 369643  |a BIBTEO  |b BIBTEO  |d 2019-11-21  |i 2082128  |o 242.722 SAB 1985  |p 2082128  |r 2025-01-17  |w 2019-11-21  |y BK  |k ICR